Expired leases, joint tenants and insolvency. (Record no. 60951)

MARC details
000 -LEADER
fixed length control field 01091cam a2200205 4500
001 - CONTROL NUMBER
control field ABS61237
008 - FIXED-LENGTH DATA ELEMENTS--GENERAL INFORMATION
fixed length control field 000000n1999 000 0 eng u
035 ## - SYSTEM CONTROL NUMBER
System control number (Sirsi) u101843
100 ## - MAIN ENTRY--PERSONAL NAME
Personal name Hugall, J.
245 ## - TITLE STATEMENT
Title Expired leases, joint tenants and insolvency.
260 ## - PUBLICATION, DISTRIBUTION, ETC.
Date of publication, distribution, etc. 1999
490 ## - SERIES STATEMENT
Series statement Solicitors' Journal
Volume/sequential designation 143(34) 10 September 1999, 836-837(2)
520 ## - SUMMARY, ETC.
Summary, etc. Considers De Rothschild v Bell in which aspects of the Landlord and Tenant Act 1954 part 1 were at issue. It was held that when a contractual tenancy is held by joint tenants, but only one of them is resident when the tenancy expires, that tenant is entitled to protection under the act. However this Part 1 continuation tenancy was described as being hybrid: 'not a new tenancy or a statutory tenancy; it is merely the old contractual tenancy continued indefinitely by the act'.
650 ## - SUBJECT ADDED ENTRY--TOPICAL TERM
Topical term or geographic name entry element DE ROTHSCHILD V BELL
650 ## - SUBJECT ADDED ENTRY--TOPICAL TERM
Topical term or geographic name entry element Insolvency
9 (RLIN) 6247
650 ## - SUBJECT ADDED ENTRY--TOPICAL TERM
Topical term or geographic name entry element JOINT TENANCIES
690 ## - LOCAL SUBJECT ADDED ENTRY--TOPICAL TERM (OCLC, RLIN)
Topical term or geographic name as entry element PROPERTY-RESIDENTIAL PROPERTY-RESIDENTIAL LANDLORD AND TENANT-RESIDENTIAL TENANCIES
700 ## - ADDED ENTRY--PERSONAL NAME
Personal name Highmore, R.
942 ## - ADDED ENTRY ELEMENTS (KOHA)
Suppress in OPAC 0
Holdings
Withdrawn status Lost status Source of classification or shelving scheme Damaged status Not for loan Home library Current library Shelving location Date acquired Total Checkouts Full call number Barcode Date last seen Copy number Price effective from Koha item type
    Dewey Decimal Classification     London London Journal article 11/11/1999   ABS61237 101843-1001 06/08/2019 1 06/08/2019 Journal article